Csapadék és orográfia

Elmentve itt :
Bibliográfiai részletek
Szerző: Schilling Gábor
Dokumentumtípus: Könyv
Megjelent: 1921
Kulcsszavak:Csapadék, Meteorológia
Online Access:http://misc.bibl.u-szeged.hu/26016
LEADER 00500nam a2200157 i 4500
001 misc26016
005 20191207091925.0
008 170912s1921 hu o 0|| zxx d
040 |a SZTE Miscellanea Repozitórium  |b hun 
041 |a zxx 
100 1 |a Schilling Gábor 
245 1 0 |a Csapadék és orográfia  |h [elektronikus dokumentum] /  |c  Schilling Gábor 
260 |c 1921 
300 |a 24 
695 |a Csapadék, Meteorológia 
856 4 0 |u http://misc.bibl.u-szeged.hu/26016/1/018_013_001-024.pdf  |z Dokumentum-elérés